Partición de bienes: explicaciones de clases revisadas por el profesor Alessandri
Збережено в:
| Автор: | |
|---|---|
| Інші автори: | |
| Формат: | Книга |
| Мова: | Іспанська |
| Опубліковано: |
Santiago. Chile
Ediciones Jurídicas de Santiago,
2018.
|
| Редагування: | Sexta edición actualizada |
| Предмети: | |
| Теги: |
Додати тег
Немає тегів, Будьте першим, хто поставить тег для цього запису!
|
MARC
| LEADER | 00000nam a2200000 a 4500 | ||
|---|---|---|---|
| 001 | UCM3314 | ||
| 003 | CL-VaPUC | ||
| 005 | 20220822114450.0 | ||
| 008 | 020705e20180300CL |||||||||||||||||spa|d | ||
| 999 | |c 435749 |d 435747 | ||
| 040 | |c Pontificia Universidad Católica de Valparaíso | ||
| 082 | 0 | 4 | |a 346.8305 ALE 2018 |2 21 |
| 100 | 0 | |a Alessandri Rodríguez, Fernando |e autor |9 470014 | |
| 245 | 1 | 0 | |a Partición de bienes: explicaciones de clases revisadas por el profesor Alessandri |
| 250 | |a Sexta edición actualizada | ||
| 260 | |a Santiago. Chile |b Ediciones Jurídicas de Santiago, |c 2018. | ||
| 300 | |a 316 páginas | ||
| 500 | |a c.1 Donación Familia Prof. Alejandro Guzmán Brito. | ||
| 505 | |a Contiene un modelo de juicio particional. | ||
| 583 | |a last modification |c 20020705 00:00:00 |k Cristina María Rojas Aguilar | ||
| 650 | 0 | |a Partición de bienes |9 256640 | |
| 650 | 0 | |a Herencia |9 256325 | |
| 650 | 0 | |a Bienes |9 255749 | |
| 651 | 7 | |a CHILE |2 CL-VaPUC |9 470016 | |
| 700 | 0 | |a Vodanovic Haklicka, Antonio |e versión de |9 470015 | |
| 942 | |c BK |2 ddc |n 0 | ||
| 952 | |0 0 |1 0 |2 ddc |4 0 |6 346_830500000000000_ALE_2018 |7 1 |8 C_AGB |9 583340 |a BIBDER |b BIBDER |d 2022-06-01 |e Donación |i 5651473 |o 346.8305 ALE 2018 |p 5651473 |r 2023-01-25 |t 1 |w 2022-06-01 |y BK_US |k AGB | ||